00991cam a2200193 a 450000100100000000500170001000800410002704000450006804200120011308200190012511100450014424500520018926000770024130000210031850003080033950400730064765000320072065000450075200000691820200929154023.0750404s1969 pr b 000 0 spa d aDO-SdBNPcNAlUdOCoLCdNNerIdDLCdBNPHU apremarc aPR860.44aL7761 aLitetatura Puertoriqueña,cPuerto Rico10aLiteratura puertorriqueña :b21 conferencias. aSan Juan de Puerto Rico :bInstituto de Cultura Puertorriqueña,c1969. a616 p. ;c22 cm. a"Este tomo recoge las disertaciones ... pronunciadas por literatos, investigadores y criticos puertorriquenos en la Biblioteca General de la Universidad de Puerto Rico y en el Instituto de Cultura Puertorriquena, durante el periodo comprendido entre el 15 de noviembre de 1957 y el 20 de junio de 1958." aIncluye notas y referencias bibliográficas al pie de las páginas 4aLiteratura puertorriqueña 4aLiteratura puertorriqueñaxConfrencias